| 000 | 00883cam a2200241 4500 | ||
|---|---|---|---|
| 001 | ABS61824 | ||
| 008 | 000000n1999 000 0 eng u | ||
| 035 | _a(Sirsi) u104060 | ||
| 041 | _aeng | ||
| 100 | _aWalton, W | ||
| 245 | _aPermitted development rights of telecommunication operators to be scrutinised | ||
| 260 | _c1999 | ||
| 490 |
_aScottish Planning and Environmental Law _v(76) December 1999, 121-123(3) |
||
| 520 | _aOverview of the problems caused by the haphazard erection of telecommunication masts in Scotland and the move to bring all telecommunications developments within the scope of planning control | ||
| 590 | _aABS | ||
| 650 |
_aHEALTH AND SAFETY _96244 |
||
| 650 | _aPLANNING CONTROL | ||
| 650 | _aPRIOR APPROVAL PROCEDURES | ||
| 650 | _aSCOTLAND | ||
| 650 | _aTELECOMMUNICATION MASTS | ||
| 690 |
_aPlanning and development _96259 |
||
| 942 | _n0 | ||
| 999 |
_c62446 _d62446 |
||